00458nam a22001457a 4500020001800000082001500018100000900033245004600042260005000088300000800138650002100146942000700167952012100174999001700295 a9789353917487 a294.54 RAV aRavi aReligion!: A Kindergarten to Spirituality aBangalorebAiR Institute of Realizationc2019 a151 aHindu Philosophy cBK 001040708NFICaHMIbHMIcGENd2021-10-19eDr. Yoginder Singhl0o294.54 RAVp11004482r2026-01-16w2026-01-16yBK c23174d23174